00630nam a2200181 a 450000100100000000500170001000800410002702000150006804000250008308200150010810000160012324501120013926000480025130000280029950000540032750400290038170000380041000004079920201002034404.0130906s2004 sp a 000 1 spa d a8425219779 aDO-SdBNPbspacBNPHU axxxxbxxxx1 aHeller, Eva10aPsicología del color :. :bcómo actúan los colores sobre los sentimientos y la razón /cEva Heller. aBarcelona, España :bGustavo Gili,c2004. a309 p. :bil. ;c24 cm. ala biblioteca posee la 4ta. reimpresión del2005 abibliografía p:291-2941 aChamorro Mielke, Joaquínetrad.